000 00747nam a2200241Ia 4500
003 OSt
005 20220926003847.0
006 a|||||r|||| 00| 0
007 ta
008 220923b |||||||| |||| 00| 0 eng d
020 _a9788131731499
_c254.15000000000001
037 _b2574, 14/03/2014, VIBHA BOOKS INTERNATIONAL
_cGeneral Book
040 _aRTL
_cRTL
_beng
041 _2eng
_aeng
082 _aX:72, Q0
100 _aAGARWAL Vanita
_9307897
245 0 _aMacroeconomics
_b Theory and policy
260 _a New Delhi
_bPearson
_c2010
300 _axiii,400p
_ccm.
650 _aCommerce
942 _hX:72, Q0
_cGB
_2CC
999 _c609001
_d609001